Monografía del teatro /

Nacido en 1871 en Guadalajara, el escritor jalisciense Marcelino Dávalos Vázquez culminó sus estudios en la Escuela de Jurisprudencia de su ciudad natal en 1900, año en que también es fechada su primera obra de teatro, titulada El último cuadro. Dávalos es autor de una colección de relatos (¡Carne d...

Description complète

Enregistré dans:
Détails bibliographiques
Auteur principal: Dávalos, Marcelino (autor)
Format: Livre
Langue:espagnol
Sujets:
Tags: Ajouter un tag
Pas de tags, Soyez le premier à ajouter un tag!

MARC

LEADER 00000nam^a2200000^a^4500
001 000388881
005 20250526000000.0
009 20260310121106.141
037 |a Acervo ITESO - Biblioteca 
041 |a ESP 
082 |a 809. 2  |b DAV 
100 |a Dávalos, Marcelino  |e (autor) 
245 1 0 |a Monografía del teatro /  |c M. Dávalos. 
264 |a México :  |b Secretaría de Educación Pública,  |c 1917 
300 |a 232 p. ;  |c 22.5 cm. 
336 |a texto  |b txt  |2 rdacontenido 
337 |a sin mediación  |b n  |2 rdamedio 
338 |a volumen  |b nc  |2 rdasoporte 
520 |a Nacido en 1871 en Guadalajara, el escritor jalisciense Marcelino Dávalos Vázquez culminó sus estudios en la Escuela de Jurisprudencia de su ciudad natal en 1900, año en que también es fechada su primera obra de teatro, titulada El último cuadro. Dávalos es autor de una colección de relatos (¡Carne de cañón!, 1915) y tres libros de poesía (Iras de bronce, 1916; Del Bajío y arribeñas, 1917 y Mis dramas íntimos, 1917), pero sus principales contribuciones a la literatura mexicana se ubican en el terreno del teatro. Guadalupe (1903); Así pasan... (1908); El crimen de Marciano (1909); Jardines trágicos (1909); ¡Viva el amo! (1910); Lo viejo (1911); ¡Indisoluble! (1915) y Aguilas y estrellas (1916) se cuentan entre la producción dramática del jalisciense, varias de ellas interpretadas en sus estrenos por la actriz Virginia Fábregas. Fallecido en 1923 en la ciudad de México, Dávalos Vázquez se distingue -junto con J. Joaquín Gamboa- por la preocupación nacionalista expresada en su obra, creada en una etapa en que dominaba la producción extranjera en los escenarios mexicanos. 
649 |a XX 
650 |a Teatro Africano -  |x Historia y Crítica 
650 |a Teatro Alemán -  |x Historia y Crítica 
650 |a Teatro Chino -  |x Historia y Crítica 
650 |a Teatro Español -  |x Historia y Crítica 
650 |a Teatro Griego -  |x Historia y Crítica 
650 |a Teatro Hindú -  |x Historia y Crítica 
650 |a Teatro Japonés -  |x Historia y Crítica 
650 |a Teatro Mexicano -  |x Historia y Crítica 
650 |a Teatro Persa -  |x Historia y Crítica 
650 |a Literatura Africana -  |x Historia y Crítica 
650 |a Literatura Alemana -  |x Historia y Crítica 
650 |a Literatura China -  |x Historia y Crítica 
650 |a Literatura Española -  |x Historia y Crítica 
650 |a Literatura Griega -  |x Historia y Crítica 
650 |a Literatura Hindú -  |x Historia y Crítica 
650 |a Literatura Japonesa -  |x Historia y Crítica 
650 |a Literatura Mexicana -  |x Historia y Crítica 
650 |a Literatura Persa -  |x Historia y Crítica 
910 |a Fondo General 
920 |a Impresos - Libros 
930 |a Libros Antiguos y Raros 
940 |a Literatura 
905 |a 108 
901 |a 0500283183  |b IT2  |c LRA  |i D74986  |u 20250526 
902 |a https://opac.biblio.iteso.mx/vufind/Record/000388881